| 000 | 01364nam a22003730a 4500 | ||
|---|---|---|---|
| 001 | PT9962 | ||
| 003 | AR-LpoUNG | ||
| 005 | 20210131232400.0 | ||
| 008 | 191001s1995||||xxu|||||||||||||||||spa d | ||
| 020 |
_a9213122683 _c$4.33 |
||
| 040 |
_aAR-LpoUNG _bspa _cAR-LpoUNG _eaacr |
||
| 041 | _aspa | ||
| 044 | _axxu | ||
| 082 | 0 | _a387.51 118tran | |
| 245 | 1 | 3 | _aEl transporte marítimo en 1994 |
| 260 |
_aNueva York : _bNaciones Unidas, _c1995. |
||
| 300 |
_a205 p. : _bil., gráfs. |
||
| 520 | _aLa finalidad de este estudio anual sobre el transporte marítimo es indicar las principales novedades ocurridas en el transporte marítimo mundial y proporcionar los datos estadísticos correspondientes. En él se pone especialmente de relieve el desarrollo de las marinas mercantes de los países en desarrollo en comparación con los otros grupos de países. | ||
| 650 | 4 | _aBALANZA COMERCIAL | |
| 650 | 4 | _aCOMERCIO | |
| 650 | 4 | _aCOMERCIO EXTERIOR | |
| 650 | 4 | _aCOMERCIO INTERNACIONAL | |
| 650 | 4 | _aDESARROLLO DEL COMERCIO | |
| 650 | 4 | _aEXPORTACIONES | |
| 650 | 4 | _aMERCADO | |
| 650 | 4 | _aMERCADO INTERNACIONAL | |
| 650 | 4 | _aPUERTOS | |
| 650 | 4 | _aSEGURIDAD MARITIMA | |
| 650 | 4 | _aTRANSPORTE MARITIMO | |
| 651 | 4 | _aMundial | |
| 710 | 2 | _aConferencia de las Naciones Unidas sobre Comercio y Desarrollo (Ginebra) | |
| 905 | _a9962 | ||
| 942 | _cLIB | ||
| 999 |
_c15335 _d15335 |
||